Echo and Meaning on Early Modern English Stages

This book examines the trope of echo in early modern literature and drama, exploring the musical, sonic, and verbal effects generated by forms of repetition on stage and in print. Focusing on examples where Echo herself appears as a character, this study shows how echoic techniques permeated literar...

Πλήρης περιγραφή

Λεπτομέρειες βιβλιογραφικής εγγραφής
Κύριος συγγραφέας: Anderson, Susan L. (Συγγραφέας, http://id.loc.gov/vocabulary/relators/aut)
Συγγραφή απο Οργανισμό/Αρχή: SpringerLink (Online service)
Μορφή: Ηλεκτρονική πηγή Ηλ. βιβλίο
Γλώσσα:English
Έκδοση: Cham : Springer International Publishing : Imprint: Palgrave Macmillan, 2018.
Έκδοση:1st ed. 2018.
Σειρά:Palgrave Studies in Music and Literature
Θέματα:
Διαθέσιμο Online:Full Text via HEAL-Link
LEADER 03149nam a2200505 4500
001 978-3-319-67970-9
003 DE-He213
005 20191029032102.0
007 cr nn 008mamaa
008 171011s2018 gw | s |||| 0|eng d
020 |a 9783319679709  |9 978-3-319-67970-9 
024 7 |a 10.1007/978-3-319-67970-9  |2 doi 
040 |d GrThAP 
050 4 |a PN715-749 
072 7 |a DSB  |2 bicssc 
072 7 |a LIT024000  |2 bisacsh 
072 7 |a DSB  |2 thema 
082 0 4 |a 809  |2 23 
100 1 |a Anderson, Susan L.  |e author.  |4 aut  |4 http://id.loc.gov/vocabulary/relators/aut 
245 1 0 |a Echo and Meaning on Early Modern English Stages  |h [electronic resource] /  |c by Susan L. Anderson. 
250 |a 1st ed. 2018. 
264 1 |a Cham :  |b Springer International Publishing :  |b Imprint: Palgrave Macmillan,  |c 2018. 
300 |a XI, 123 p. 7 illus.  |b online resource. 
336 |a text  |b txt  |2 rdacontent 
337 |a computer  |b c  |2 rdamedia 
338 |a online resource  |b cr  |2 rdacarrier 
347 |a text file  |b PDF  |2 rda 
490 1 |a Palgrave Studies in Music and Literature 
505 0 |a 1 Introduction: Echo and Meaning -- 2 Sounds and Precedent in Elizabethan Progress Entertainments -- 3 Echo and Drama: Cynthia's Revels (1601) -- 4 Echo, Dance, and Song in Jacobean Masques -- 5 Conclusion: Disenchanted Echoes in The Duchess of Malfi and The Countess of Montgomery's Urania. 
520 |a This book examines the trope of echo in early modern literature and drama, exploring the musical, sonic, and verbal effects generated by forms of repetition on stage and in print. Focusing on examples where Echo herself appears as a character, this study shows how echoic techniques permeated literary, dramatic, and musical performance in the period, and puts forward echo as a model for engaging with sounds and texts from the past. Starting with sixteenth century translations of myths of Echo from Ovid and Longus, the book moves through the uses of echo in Elizabethan progress entertainments, commercial and court drama, Jacobean court masques, and prose romance. It places the work of well-known dramatists, such as Ben Jonson and John Webster, in the context of broader cultures of performance. The book will be of interest to scholars and students of early modern drama, music, and dance. 
650 0 |a Literature, Modern. 
650 0 |a Theater-History. 
650 0 |a Music. 
650 1 4 |a Early Modern/Renaissance Literature.  |0 http://scigraph.springernature.com/things/product-market-codes/817000 
650 2 4 |a Theatre History.  |0 http://scigraph.springernature.com/things/product-market-codes/415010 
650 2 4 |a Music.  |0 http://scigraph.springernature.com/things/product-market-codes/417000 
710 2 |a SpringerLink (Online service) 
773 0 |t Springer eBooks 
776 0 8 |i Printed edition:  |z 9783319679693 
776 0 8 |i Printed edition:  |z 9783319679716 
776 0 8 |i Printed edition:  |z 9783319885223 
830 0 |a Palgrave Studies in Music and Literature 
856 4 0 |u https://doi.org/10.1007/978-3-319-67970-9  |z Full Text via HEAL-Link 
912 |a ZDB-2-LCM 
950 |a Literature, Cultural and Media Studies (Springer-41173)